How to win over loneliness / (Record no. 3103)

MARC details
000 -LEADER
fixed length control field 00685pam a2200229 a 4500
001 - CONTROL NUMBER
control field 2439883
003 - CONTROL NUMBER IDENTIFIER
control field GBCCL
005 - DATE AND TIME OF LATEST TRANSACTION
control field 20241126110447.0
008 - FIXED-LENGTH DATA ELEMENTS--GENERAL INFORMATION
fixed length control field 880516s1988 oru 000 0 eng
010 ## -
-- 88080061
020 ## - INTERNATIONAL STANDARD BOOK NUMBER
International Standard Book Number 0890816891 :
Terms of availability $5.95
040 ## - CATALOGING SOURCE
Original cataloging agency DLC
Transcribing agency DLC
Modifying agency DLC
050 00 -
-- BV4911
-- .H33 1988
082 00 - DEWEY DECIMAL CLASSIFICATION NUMBER
Classification number 248.86
Edition information 19
Item number HAG
100 1# - MAIN ENTRY--PERSONAL NAME
Personal name Haggai, John Edmund.
9 (RLIN) 1219
245 10 - TITLE STATEMENT
Title How to win over loneliness /
Statement of responsibility, etc. John Haggai.
260 ## - PUBLICATION, DISTRIBUTION, ETC.
Place of publication, distribution, etc. Eugene, Or. :
Name of publisher, distributor, etc. Harvest House Publishers,
Date of publication, distribution, etc. c1988.
300 ## - PHYSICAL DESCRIPTION
Extent 167 p. ;
Dimensions 22 cm.
650 #0 - SUBJECT ADDED ENTRY--TOPICAL TERM
Topical term or geographic name entry element Loneliness
General subdivision Religious aspects
-- Christianity.
9 (RLIN) 6311
906 ## - LOCAL DATA ELEMENT F, LDF (RLIN)
a 7
b cbc
c orignew
d 1
e opcn
f 19
g y-gencatlg
942 ## - ADDED ENTRY ELEMENTS (KOHA)
Source of classification or shelving scheme Dewey Decimal Classification
Koha item type Books
Koha issues (borrowed), all copies 2
Holdings
Withdrawn status Lost status Source of classification or shelving scheme Damaged status Not for loan Home library Current Library Shelving location Date acquired Total checkouts Total renewals Full call number Barcode Date last seen Date last checked out Copy number Price effective from Koha item type
    Dewey Decimal Classification     GRACE BIBLE COLLEGE GRACE BIBLE COLLEGE Ministry & Mission 2017-10-23 1 1 248.86 HAG 004332 2025-05-01 2019-03-11 c.1 2017-10-23 Books
    Dewey Decimal Classification     GRACE BIBLE COLLEGE GRACE BIBLE COLLEGE Ministry & Mission 2017-10-23 1   248.86 HAG 004333 2025-05-01 2022-07-21 c.2 2017-10-23 Books
© Grace Bible College Library 2025